00374nam a2200157Ia 45000010006000000050017000060080041000230410008000640820014000721000028000862450049001142600009001633000028001726500008002006540008002081970320260306172712.0260306t2010||||xx |||||||||||||| ||spa|| aESP a341bG381 aGuastini, RiccardoeAUT 0aEl postscript de H.L.A. Hart:bnueve ensayos c2010 a245 páginas :c24 cm. aGEN aCDE